000 00486nam a2200133Ia 4500
008 171207s9999 xx 000 0 und d
100 _aNissenbaum, Asaf
245 _aInternet memes as contested cultural capital: The case of 4chan’s /b/ board
245 _cAsaf Nissenbaum, Limor Shifman
260 _c2017
300 _apages 483-501, April 2017
440 _aNew Media & Society
_v19:4
650 _a4chan, CULTURAL CAPITAL, DIGITAL CULTURE, INTERNET MEMES, WEB-BASED COMMUNITIES
999 _c347530
_d347530